000 00510nam a2200193 a 4500
005 20240910064051.0
008 991125s1958 ea 000 0 spa u
035 _aUPN01000001441
049 _aCG
050 4 _aRC564
_bA43 1958
245 0 3 _aEl alcoholismo.
250 _a4a ed.
260 _aWashington :
_bUnión Panamericana,
_c1958.
300 _a19 p.
440 0 _aBiblioteca popular latinoamericana
520 _aDisponible en la Colección Medina
650 4 _aAlcoholismo
_92121
905 _aLibro
999 _c1441
_d1441